000 00733nam a2200253 a 4500
001 8708
003 BD - JhCC
005 20230722104622.0
008 930125s1966 enkabf b 001 0 eng d
035 _a(BD - JhCC)8708
040 _aDLC
_cWSU
_dSER
_dOCL
_dEQO
_dBD - JhCC
041 _aeng
050 0 _aDS377
_b.T3
082 _a915.49
_bTAY 1966
100 1 _aTayyeb, Ali.
245 1 0 _aPakistan :
_ba political geography /
_cA. Tayyeb
260 _aOxford University Press :
_bLondon,
_cc1966
300 _axvi, 250 p. :
_b2 plates, maps, tables ;
_c26 cm
504 _aIncludes bibliography: p.[234]-240
651 0 _aPakistan
_xBoundaries
651 0 _aPakistan
_xDescription and travel
942 _2ddc
_cBK
999 _c8708
_d8708